| 000 | 00522nam a22001577a 4500 | ||
|---|---|---|---|
| 999 |
_c534864 _d534864 |
||
| 020 | _qHard Cover. | ||
| 082 | _a621.3678 | ||
| 100 | _aRiaz, Mashal | ||
| 245 |
_aPREVENTION USING HISTORICAL FLOOD HAZARD ANALYSIS FOR THE INDUS RIVER BASIN / _cMashal Riaz |
||
| 260 |
_aIslamabad : _bIGIS - NUST, _c2017. |
||
| 300 |
_axii, 75 p. : ill. ; _c30cm. |
||
| 942 |
_2ddc _cTHE |
||
| 650 |
_aMS Thesis Remote Sensing and GIS. _929221 |
||
| 700 |
_aDr. Salman Atif. _916650 |
||